000 00536ntaaa2200193 4500
003 01
005 20251027202520.0
008 0714s1973 ag 01
040 _aAR-BaBN
_bspa
_cAR-BaBN
_eaacr
_dRIC
082 _a225.4800 W52
100 _aWestcott, Brooke Foss
_9923
245 _aNew Testament in the Original Greek
250 _a1 ed.
260 _as/d :
_bAmerican Book Company,
_cs/d
300 _a603p.
500 _aEjemplar que pertencio al Dr. Sowell. Hay u ejemplaar en R
650 _aBiblia-Versiones
_9463
942 _cBK
999 _c20181
_d20181